000
00231nam a2200085Ia 4500
245
0
_a
Why don't insects get fat?
100
_a
Hammond, Richard, London, 2009
_9
85368
942
_c
BK
008
210817s9999 xx 000 0 und d
999
_c
318794
_d
318793